[Event "IECC M1-2010.T073"]
[Site "IECC email"]
[Date "2010.09.21"]
[Round "?"]
[White "Cunningham, Don"]
[Black "Schrepfer, Jeff"]
[Result "0-1"]
[WhiteElo "908"]
[BlackElo "982"]
[PlyCount "80"]
[EventDate "2010.??.??"]
[EventType "match (corr)"]
[EventRounds "2"]
[SourceTitle "Telechess CBM 145"]
[Source "Chessbase"]
[SourceDate "2011.11.11"]
[SourceVersion "1"]
[SourceVersionDate "2011.11.11"]
[SourceQuality "1"]
[WhiteTeam "US of America"]
[BlackTeam "US of America"]
[WhiteTeamCountry "USA"]
[BlackTeamCountry "USA"]

1. d4 d5 2. Nf3 Nc6 3. e3 Bg4 4. Nbd2 Qd6 5. Bd3 0-0-0 6. 0-0 e5 7. Nb3 e4 8. Be2 exf3 9. Bxf3 Bxf3 10. Qxf3 Nf6 11. Qf5+ Kb8 12. Qd3 Re8 13. f3 g6 14. Re1 Nb4 15. Qc3 Qc6 16. Re2 Qxc3 17. bxc3 Na6 18. Bd2 c5 19. Be1 cxd4 20. Bg3+ Ka8 21. Nxd4 Bc5 22. Rae1 Bxd4 23. cxd4 Nb4 24. Be5 Re6 25. Bxf6 Rxf6 26. a3 Na2 27. Ra1 Nc3 28. Ree1 h5 29. a4 h4 30. Ra3 Rc6 31. Kf2 Rc4 32. Rea1 f5 33. Rb3 g5 34. Ke1 f4 35. exf4 gxf4 36. Raa3 Re8+ 37. Kd2 Re2+ 38. Kd3 Re3+ 39. Kd2 Rxd4+ 40. Kc1 Rd1+ 0-1

[Event "IECC M1-2010.T073"]
[Site "IECC email"]
[Date "2010.09.21"]
[Round "?"]
[White "Schrepfer, Jeff"]
[Black "Cunningham, Don"]
[Result "1/2-1/2"]
[WhiteElo "963"]
[BlackElo "994"]
[PlyCount "74"]
[EventDate "2010.??.??"]
[EventType "match (corr)"]
[EventRounds "2"]
[SourceTitle "Telechess CBM 149"]
[Source "ChessBase"]
[SourceDate "2012.07.17"]
[SourceVersion "1"]
[SourceVersionDate "2012.07.17"]
[SourceQuality "1"]
[WhiteTeam "US of America"]
[BlackTeam "US of America"]
[WhiteTeamCountry "USA"]
[BlackTeamCountry "USA"]

1. e4 Nc6 2. d4 d6 3. d5 Ne5 4. Nc3 Bg4 5. Be2 Qd7 6. Nf3 Bxf3 7. Bxf3 Nf6 8. 0-0 c5 9. dxc6 bxc6 10. Bf4 Rb8 11. Bxe5 dxe5 12. b3 Rd8 13. Qxd7+ Rxd7 14. a4 a5 15. Rab1 e6 16. Na2 Bd6 17. b4 Bxb4 18. Nxb4 axb4 19. Rxb4 0-0 20. a5 Ra7 21. Be2 Nd7 22. a6 Nc5 23. Ra1 f5 24. f3 fxe4 25. fxe4 Rf4 26. Rc4 Rxe4 27. Rxc5 Rxe2 28. Rxc6 Rd7 29. Rxe6 Rdd2 30. a7 Rxg2+ 31. Kh1 Rxh2+ 32. Kg1 Rhg2+ 33. Kh1 Rh2+ 34. Kg1 Rhg2+ 35. Kh1 Rh2+ 36. Kg1 Rhg2+ 37. Kh1 Rh2+ 1/2-1/2

[Event "IECC M1-2010.T025"]
[Site "IECC email"]
[Date "2010.04.24"]
[Round "?"]
[White "Schrepfer, Jeff"]
[Black "Cunningham, Don"]
[Result "1-0"]
[WhiteElo "937"]
[BlackElo "1032"]
[PlyCount "35"]
[EventDate "2010.??.??"]
[EventType "match (corr)"]
[EventRounds "2"]
[SourceTitle "Telechess CBM 149"]
[Source "ChessBase"]
[SourceDate "2012.07.17"]
[SourceVersion "1"]
[SourceVersionDate "2012.07.17"]
[SourceQuality "1"]
[WhiteTeam "US of America"]
[BlackTeam "US of America"]
[WhiteTeamCountry "USA"]
[BlackTeamCountry "USA"]

1. e4 Nf6 2. Nc3 e5 3. Nf3 d5 4. d4 dxe4 5. Nxe5 Bd6 6. Bf4 Nbd7 7. Bc4 Nxe5 8. dxe5 Bg4 9. Qd4 c5 10. Qe3 Be7 11. exf6 Bxf6 12. Qxe4+ Qe7 13. Qxe7+ Bxe7 14. Nd5 Bd8 15. Bb5+ Kf8 16. Bd6+ Kg8 17. Bxc5 g6 18. Bd4 1-0

[Event "IECC M1-2009.T104"]
[Site "IECC email"]
[Date "2009.10.27"]
[Round "?"]
[White "Cunningham, Don"]
[Black "Schrepfer, Jeff"]
[Result "0-1"]
[WhiteElo "1019"]
[BlackElo "896"]
[PlyCount "68"]
[EventDate "2009.??.??"]
[EventType "match (corr)"]
[EventRounds "2"]
[SourceTitle "Telechess CBM 149"]
[Source "ChessBase"]
[SourceDate "2012.07.17"]
[SourceVersion "1"]
[SourceVersionDate "2012.07.17"]
[SourceQuality "1"]
[WhiteTeam "US of America"]
[BlackTeam "US of America"]
[WhiteTeamCountry "USA"]
[BlackTeamCountry "USA"]

1. Nf3 Nc6 2. d4 d6 3. e4 e5 4. Bb5 a6 5. Bxc6+ bxc6 6. dxe5 dxe5 7. Qxd8+ Kxd8 8. Nxe5 f6 9. Nxc6+ Ke8 10. Bf4 Bb7 11. Nd4 Bxe4 12. 0-0 Bc5 13. Ne6 Bd6 14. Bxd6 cxd6 15. Nc7+ Kf8 16. Nxa8 Bxa8 17. Rd1 d5 18. Nc3 Ne7 19. Rd2 Kf7 20. Rad1 Rd8 21. Na4 Nf5 22. Nc5 a5 23. Na6 Bb7 24. Nc5 Bc6 25. Re1 d4 26. Nb3 a4 27. Nc5 Nh4 28. Re6 Bxg2 29. c3 d3 30. Ra6 Nf3+ 31. Kxg2 Nxd2 32. Rxa4 Nb1 33. Rd4 Rxd4 34. cxd4 d2 0-1

[Event "IECC M1-2009.T104"]
[Site "IECC email"]
[Date "2009.10.27"]
[Round "?"]
[White "Schrepfer, Jeff"]
[Black "Cunningham, Don"]
[Result "1-0"]
[WhiteElo "873"]
[BlackElo "1036"]
[PlyCount "60"]
[EventDate "2009.??.??"]
[EventType "match (corr)"]
[EventRounds "2"]
[SourceTitle "Telechess CBM 137"]
[Source "ChessBase"]
[SourceDate "2010.07.15"]
[SourceVersion "1"]
[SourceVersionDate "2010.07.15"]
[SourceQuality "1"]
[WhiteTeam "US of America"]
[BlackTeam "US of America"]
[WhiteTeamCountry "USA"]
[BlackTeamCountry "USA"]

1. e4 Nf6 2. Nc3 e5 3. d4 Nc6 4. d5 Nd4 5. Be3 Bb4 6. Bxd4 exd4 7. Qxd4 Bxc3+ 8. bxc3 0-0 9. Nf3 d6 10. Bc4 c5 11. dxc6 bxc6 12. 0-0 d5 13. e5 Ne4 14. Bd3 Re8 15. Bxe4 dxe4 16. Qxe4 Bb7 17. Rfd1 Qe7 18. Qh4 Qc5 19. c4 Ba6 20. Qe4 Bxc4 21. Ng5 g6 22. Rd4 Be6 23. Nxe6 fxe6 24. Rc4 Qa3 25. Rxc6 Qb2 26. Rxe6 Rxe6 27. Qxa8+ Kf7 28. Qxa7+ Re7 29. e6+ Kxe6 30. Re1+ Kf5 1-0

[Event "IECC M1-2009.T89"]
[Site "IECC email"]
[Date "2009.08.18"]
[Round "?"]
[White "Schrepfer, Jeff"]
[Black "Cunningham, Don"]
[Result "1-0"]
[WhiteElo "918"]
[BlackElo "997"]
[PlyCount "27"]
[EventDate "2009.??.??"]
[EventType "match (corr)"]
[EventRounds "2"]
[SourceTitle "Corr 2013"]
[Source "ChessBase"]
[SourceDate "2012.11.12"]
[SourceVersion "1"]
[SourceVersionDate "2012.11.12"]
[SourceQuality "1"]
[WhiteTeam "Australia"]
[BlackTeam "US of America"]
[WhiteTeamCountry "AUS"]
[BlackTeamCountry "USA"]

1. e4 Nc6 2. d4 e5 3. Nc3 Nf6 4. d5 Nd4 5. Bg5 Bb4 6. Bc4 c6 7. Qc1 b5 8. Bd3 0-0 9. Qe3 Qa5 10. 0-0-0 d6 11. Bxf6 gxf6 12. dxc6 Nxc6 13. Nd5 Be6 14. Nxf6+ 1-0

[Event "IECC M1-2009.T66"]
[Site "IECC email"]
[Date "2009.06.08"]
[Round "?"]
[White "Schrepfer, Jeff"]
[Black "Cunningham, Don"]
[Result "0-1"]
[WhiteElo "892"]
[BlackElo "1019"]
[PlyCount "36"]
[EventDate "2009.??.??"]
[EventType "match (corr)"]
[EventRounds "2"]
[SourceTitle "Corr 2011"]
[Source "ChessBase"]
[SourceDate "2010.08.31"]
[SourceVersion "1"]
[SourceVersionDate "2010.08.31"]
[SourceQuality "1"]
[WhiteTeam "US of America"]
[BlackTeam "US of America"]
[WhiteTeamCountry "USA"]
[BlackTeamCountry "USA"]

1. e4 Nc6 2. Nf3 e5 3. d4 Bd6 4. d5 Nce7 5. Bc4 Nf6 6. Nc3 Ng6 7. 0-0 0-0 8. Bg5 b6 9. Nb5 Be7 10. Bxf6 Bxf6 11. d6 cxd6 12. Nxd6 Qc7 13. Bxf7+ Kh8 14. Bxg6 hxg6 15. Qd5 Qc6 16. Nxe5 Bxe5 17. Qxe5 Ba6 18. Qe6 dxe6 0-1

[Event "IECC M1-2008.T15"]
[Site "IECC email"]
[Date "2008.02.22"]
[Round "?"]
[White "Cunningham, Don"]
[Black "Schrepfer, Jeff"]
[Result "1-0"]
[WhiteElo "905"]
[BlackElo "982"]
[PlyCount "53"]
[EventDate "2008.??.??"]
[EventType "match (corr)"]
[EventRounds "2"]
[SourceTitle "Corr 2013"]
[Source "ChessBase"]
[SourceDate "2012.11.12"]
[SourceVersion "1"]
[SourceVersionDate "2012.11.12"]
[SourceQuality "1"]
[WhiteTeam "Hungary"]
[BlackTeam "South Africa"]
[WhiteTeamCountry "HUN"]
[BlackTeamCountry "RSA"]

1. d4 d5 2. Nf3 Nc6 3. e3 Bg4 4. Be2 Qd6 5. 0-0 0-0-0 6. Nc3 Nf6 7. Qd3 e5 8. e4 Bxf3 9. Bxf3 dxe4 10. Bxe4 Nxe4 11. Nxe4 Qxd4 12. Be3 Qxd3 13. cxd3 a6 14. Rad1 Nb4 15. d4 Nxa2 16. dxe5 Rxd1 17. Rxd1 g6 18. Ng5 Rg8 19. Nxh7 Bg7 20. Bd4 Nb4 21. Ng5 Nc6 22. Nxf7 Rf8 23. Ng5 Nxe5 24. Bc3 Rf5 25. Ne6 Nf3+ 26. gxf3 Bxc3 27. Rd8# 1-0

[Event "IECC M1-2008.T15"]
[Site "IECC email"]
[Date "2008.02.22"]
[Round "?"]
[White "Schrepfer, Jeff"]
[Black "Cunningham, Don"]
[Result "1-0"]
[WhiteElo "968"]
[BlackElo "931"]
[PlyCount "127"]
[EventDate "2008.??.??"]
[EventType "match (corr)"]
[EventRounds "2"]
[SourceTitle "Corr 2013"]
[Source "ChessBase"]
[SourceDate "2012.11.12"]
[SourceVersion "1"]
[SourceVersionDate "2012.11.12"]
[SourceQuality "1"]
[WhiteTeam "Hungary"]
[BlackTeam "South Africa"]
[WhiteTeamCountry "HUN"]
[BlackTeamCountry "RSA"]

1. e4 Nf6 2. Nc3 e5 3. Nf3 d5 4. Nxe5 dxe4 5. Bc4 Be6 6. Bxe6 fxe6 7. Qe2 Qd6 8. Nc4 Qc5 9. Nxe4 Qd5 10. Nxf6+ gxf6 11. 0-0 Nc6 12. c3 Rg8 13. Ne3 Qe5 14. d4 Qe4 15. Re1 Bh6 16. g3 0-0-0 17. Ng2 Qxe2 18. Rxe2 Bxc1 19. Rxc1 Rde8 20. Nf4 e5 21. dxe5 Nxe5 22. Kf1 Rd8 23. Nh5 Nd7 24. b4 Rge8 25. Rxe8 Rxe8 26. Re1 Rxe1+ 27. Kxe1 a6 28. Nf4 c5 29. Nd5 b6 30. f4 f5 31. Ne7+ Kd8 32. Nxf5 cxb4 33. cxb4 Nf6 34. h4 Ke8 35. Ke2 Nd5 36. a3 Kf7 37. Nd6+ Ke6 38. Nc4 b5 39. Nd2 h5 40. Ne4 Kf5 41. Nc5 Nc7 42. Nd3 Kg4 43. Kf2 Nd5 44. Ne5+ Kf5 45. Kf3 Nc3 46. g4+ hxg4+ 47. Nxg4 Nb1 48. Ne3+ Kg6 49. Nc2 Nd2+ 50. Kg4 Kh6 51. f5 Ne4 52. Nd4 Nf2+ 53. Kf3 Nd3 54. Ne6 Ne5+ 55. Kf4 Nd3+ 56. Kg4 Nf2+ 57. Kf3 Nd3 58. Nc7 Nxb4 59. axb4 a5 60. bxa5 b4 61. Kg4 b3 62. Nb5 Kg7 63. a6 b2 64. Nc3 1-0

[Event "IECC M1-2007.T21"]
[Site "IECC email"]
[Date "2007.04.27"]
[Round "?"]
[White "Cunningham, Don"]
[Black "Schrepfer, Jeff"]
[Result "1-0"]
[WhiteElo "907"]
[BlackElo "1097"]
[PlyCount "59"]
[EventDate "2007.??.??"]
[EventType "match (corr)"]
[EventRounds "2"]
[SourceTitle "Corr 2011"]
[Source "ChessBase"]
[SourceDate "2010.08.31"]
[SourceVersion "1"]
[SourceVersionDate "2010.08.31"]
[SourceQuality "1"]
[WhiteTeam "US of America"]
[BlackTeam "South Africa"]
[WhiteTeamCountry "USA"]
[BlackTeamCountry "RSA"]

1. Nf3 Nc6 2. e4 e5 3. Bc4 Nf6 4. 0-0 Bc5 5. Ng5 0-0 6. Nc3 d5 7. exd5 Nxd5 8. Nge4 Nxc3 9. dxc3 Qxd1 10. Rxd1 Rd8 11. Be2 Be7 12. Rxd8+ Bxd8 13. Bg5 Bf5 14. f3 Bxg5 15. Nxg5 Bxc2 16. Bc4 Bg6 17. Rd1 Re8 18. Bb5 a6 19. Bxc6 bxc6 20. Rd7 e4 21. fxe4 f6 22. Nh3 Rxe4 23. Rd8+ Kf7 24. Rd1 Re2 25. Rd7+ Ke8 26. Rxc7 Rxb2 27. Rxc6 Rxa2 28. Nf4 Be4 29. Re6+ Kf7 30. Rxe4 1-0

[Event "IECC M-5610"]
[Site "IECC email"]
[Date "2006.12.27"]
[Round "?"]
[White "Schrepfer, Jeff"]
[Black "Cunningham, Don"]
[Result "1-0"]
[WhiteElo "1104"]
[BlackElo "849"]
[PlyCount "51"]
[EventDate "2006.??.??"]
[EventType "tourn (corr)"]
[EventRounds "10"]
[SourceTitle "Corr 2008"]
[Source "ChessBase"]
[SourceDate "2008.06.24"]
[SourceVersion "1"]
[SourceVersionDate "2008.06.24"]
[SourceQuality "1"]

1. e4 Nf6 2. Nf3 Nxe4 3. d3 Nf6 4. d4 d5 5. Nc3 Bg4 6. Bd3 Nc6 7. Be3 Bxf3 8. Qxf3 Qd7 9. 0-0-0 0-0-0 10. Rhe1 Kb8 11. h4 g6 12. g3 Bg7 13. Kb1 Rhe8 14. Bb5 e6 15. Bxc6 Qxc6 16. Bg5 e5 17. dxe5 Ne4 18. Bxd8 Nxc3+ 19. Qxc3 Qxc3 20. bxc3 Rxd8 21. e6 Bxc3 22. e7 Re8 23. Rxd5 Kc8 24. Red1 Bf6 25. Rd8+ Rxd8 26. Rxd8# 1-0

[Event "IECC M-5559"]
[Site "IECC email"]
[Date "2006.10.02"]
[Round "?"]
[White "Cunningham, Don"]
[Black "Schrepfer, Jeff"]
[Result "1-0"]
[WhiteElo "842"]
[BlackElo "1124"]
[PlyCount "61"]
[EventDate "2006.??.??"]
[EventType "tourn (corr)"]
[EventRounds "10"]
[SourceTitle "Corr 2020"]
[Source "ChessBase"]
[SourceDate "2019.09.30"]
[SourceVersion "1"]
[SourceVersionDate "2019.09.30"]
[SourceQuality "1"]
[WhiteTeam "United States"]
[BlackTeam "United States"]
[WhiteTeamCountry "USA"]
[BlackTeamCountry "USA"]

1. e4 e5 2. Nf3 Nc6 3. Bb5 Nf6 4. Nc3 Bb4 5. 0-0 0-0 6. d4 exd4 7. Nd5 Nxe4 8. Bxc6 dxc6 9. Nxb4 c5 10. Nd3 Re8 11. Bf4 c4 12. Nde5 c3 13. Nxd4 cxb2 14. Rb1 Nc3 15. Qd2 Nxb1 16. Rxb1 c5 17. Ndf3 Qc7 18. Qe3 Qb6 19. Qc3 Qf6 20. g3 Bg4 21. Qe3 Qb6 22. Qc3 f6 23. Nxg4 Qe6 24. h3 h5 25. Ne3 b6 26. g4 hxg4 27. Nxg4 Qxa2 28. Qxb2 Qxb2 29. Rxb2 Re4 30. Bg3 Rb8 31. Bxb8 1-0

[Event "IECC M-5559"]
[Site "IECC email"]
[Date "2006.10.02"]
[Round "?"]
[White "Schrepfer, Jeff"]
[Black "Cunningham, Don"]
[Result "1-0"]
[WhiteElo "1106"]
[BlackElo "859"]
[PlyCount "59"]
[EventDate "2006.??.??"]
[EventType "tourn (corr)"]
[EventRounds "10"]
[SourceTitle "Corr 2020"]
[Source "ChessBase"]
[SourceDate "2019.09.30"]
[SourceVersion "1"]
[SourceVersionDate "2019.09.30"]
[SourceQuality "1"]
[WhiteTeam "United States"]
[BlackTeam "United States"]
[WhiteTeamCountry "USA"]
[BlackTeamCountry "USA"]

1. e4 Nf6 2. Nc3 e5 3. Nf3 Be7 4. Bc4 0-0 5. 0-0 Nc6 6. d4 d6 7. d5 Na5 8. b3 Bg4 9. h3 Bxf3 10. Qxf3 Nxc4 11. bxc4 c6 12. Rb1 Qc7 13. Bg5 a5 14. Bxf6 Bxf6 15. Rb2 a4 16. Rfb1 Rfb8 17. Rb4 a3 18. R1b3 b5 19. Ne2 Ra4 20. Rxa4 bxa4 21. Rxb8+ Qxb8 22. Qxa3 Qb1+ 23. Kh2 Qxc2 24. Qxd6 h6 25. dxc6 Qxc4 26. c7 Qe6 27. Qxe6 fxe6 28. c8Q+ Kh7 29. Qxe6 Bg5 30. Qxe5 1-0

[Event "IECC M-5530"]
[Site "IECC email"]
[Date "2006.08.15"]
[Round "?"]
[White "Cunningham, Don"]
[Black "Schrepfer, Jeff"]
[Result "0-1"]
[WhiteElo "878"]
[BlackElo "1098"]
[PlyCount "90"]
[EventDate "2006.??.??"]
[EventType "tourn (corr)"]
[EventRounds "10"]
[SourceTitle "Corr 2020"]
[Source "ChessBase"]
[SourceDate "2019.09.30"]
[SourceVersion "1"]
[SourceVersionDate "2019.09.30"]
[SourceQuality "1"]
[WhiteTeam "United States"]
[BlackTeam "United States"]
[WhiteTeamCountry "USA"]
[BlackTeamCountry "USA"]

1. e4 e5 2. d4 exd4 3. Qxd4 Nc6 4. Qe3 Nf6 5. Be2 Be7 6. Nf3 0-0 7. 0-0 d5 8. exd5 Nxd5 9. Qe4 Re8 10. Bd3 Bg5 11. Qxh7+ Kf8 12. Qh8+ Ke7 13. Qxg7 Rg8 14. Qh7 Bxc1 15. Rxc1 Nf6 16. Re1+ Be6 17. Qf5 Kd7 18. Qc5 Kc8 19. Nc3 Bh3 20. Ng5 Nd7 21. Qe3 Bxg2 22. f4 f6 23. Kxg2 fxg5 24. f5 Nde5 25. Be4 Nc4 26. Qc5 Qd2+ 27. Qf2 Qxf2+ 28. Kxf2 Re8 29. Rg1 Nxb2 30. Bd5 Na5 31. Rg4 c6 32. Be6+ Kc7 33. Rb4 Nbc4 34. Bxc4 Rh8 35. Kg3 Rh4 36. Rbb1 Rxc4 37. Ne2 Rxc2 38. Nd4 Rc3+ 39. Nf3 Rg8 40. Kg4 Rc4+ 41. Kh5 Rc3 42. Rf1 g4 43. Ng1 g3 44. h3 g2 45. Rf2 Rcg3 0-1

[Event "IECC M-5530"]
[Site "IECC email"]
[Date "2006.08.15"]
[Round "?"]
[White "Schrepfer, Jeff"]
[Black "Cunningham, Don"]
[Result "1-0"]
[WhiteElo "1091"]
[BlackElo "878"]
[PlyCount "89"]
[EventDate "2006.??.??"]
[EventType "tourn (corr)"]
[EventRounds "10"]
[SourceTitle "Corr 2020"]
[Source "ChessBase"]
[SourceDate "2019.09.30"]
[SourceVersion "1"]
[SourceVersionDate "2019.09.30"]
[SourceQuality "1"]
[WhiteTeam "United States"]
[BlackTeam "United States"]
[WhiteTeamCountry "USA"]
[BlackTeamCountry "USA"]

1. e4 c6 2. d4 d5 3. e5 e6 4. Nf3 Bb4+ 5. Nc3 Bxc3+ 6. bxc3 Ne7 7. Bd3 b6 8. 0-0 0-0 9. Bg5 Qc7 10. Bc1 Nd7 11. Ng5 g6 12. Qg4 f6 13. Nxe6 Qb7 14. Nxf8 Nxf8 15. Qh4 Bf5 16. Bh6 Bxd3 17. cxd3 Nf5 18. Qh3 Nxh6 19. Qxh6 Qg7 20. Qxg7+ Kxg7 21. Rae1 f5 22. e6 Re8 23. e7 Nd7 24. Re6 Kf7 25. Rfe1 Nf6 26. Rxc6 Rxe7 27. Rxe7+ Kxe7 28. Rc7+ Ke6 29. Rxa7 Nh5 30. Rxh7 Nf4 31. Rh6 Kf6 32. Rh7 Nxd3 33. Rb7 Nc1 34. Rxb6+ Kg5 35. a4 Ne2+ 36. Kf1 Nxc3 37. a5 Kf4 38. a6 Ke4 39. a7 Kxd4 40. a8Q Kd3 41. Rb3 d4 42. Qb7 Kc2 43. Qb4 Kc1 44. Qxd4 Ne4 45. Qb2+ 1-0

[Event "IECC M-5515"]
[Site "IECC email"]
[Date "2006.07.09"]
[Round "?"]
[White "Cunningham, Don"]
[Black "Schrepfer, Jeff"]
[Result "0-1"]
[WhiteElo "870"]
[BlackElo "1076"]
[PlyCount "40"]
[EventDate "2006.??.??"]
[EventType "tourn (corr)"]
[EventRounds "10"]
[SourceTitle "Corr 2020"]
[Source "ChessBase"]
[SourceDate "2019.09.30"]
[SourceVersion "1"]
[SourceVersionDate "2019.09.30"]
[SourceQuality "1"]
[WhiteTeam "United States"]
[BlackTeam "United States"]
[WhiteTeamCountry "USA"]
[BlackTeamCountry "USA"]

1. d4 d5 2. Nc3 Nf6 3. Nf3 Nc6 4. h3 e6 5. e3 Bb4 6. Bd3 0-0 7. h4 Re8 8. Bd2 e5 9. Nxe5 Nxe5 10. dxe5 Rxe5 11. f4 Bg4 12. Be2 Bxe2 13. Qxe2 Bxc3 14. fxe5 Bxb2 15. Rb1 Bxe5 16. Rxb7 Rb8 17. Rb3 Bg3+ 18. Kd1 Rxb3 19. axb3 Ne4 20. h5 Nf2+ 0-1

[Event "IECC M-5291"]
[Site "IECC email"]
[Date "2005.08.01"]
[Round "?"]
[White "Cunningham, Don"]
[Black "Schrepfer, Jeff"]
[Result "0-1"]
[WhiteElo "891"]
[BlackElo "1036"]
[PlyCount "64"]
[EventDate "2005.??.??"]
[EventType "tourn (corr)"]
[EventRounds "10"]
[SourceTitle "Corr 2020"]
[Source "ChessBase"]
[SourceDate "2019.09.30"]
[SourceVersion "1"]
[SourceVersionDate "2019.09.30"]
[SourceQuality "1"]
[WhiteTeam "United States"]
[BlackTeam "United States"]
[WhiteTeamCountry "USA"]
[BlackTeamCountry "USA"]

1. d4 d5 2. e3 Nf6 3. Bd3 e6 4. Nf3 Bd6 5. 0-0 0-0 6. Re1 Re8 7. c4 c5 8. Nbd2 Nbd7 9. e4 dxe4 10. Nxe4 Nxe4 11. Bxe4 cxd4 12. Bxh7+ Kxh7 13. Ng5+ Kg8 14. Qh5 Qf6 15. Qh7+ Kf8 16. Qh5 Qg6 17. Nh7+ Kg8 18. Qxg6 fxg6 19. Ng5 Ne5 20. Ne4 Bb4 21. Rd1 d3 22. a3 Bf8 23. b3 Rd8 24. Bf4 Nc6 25. h4 Nd4 26. Rxd3 Ne2+ 27. Kf1 Rxd3 28. Kxe2 Rxb3 29. Rd1 Rxa3 30. Rd8 e5 31. Bxe5 Bg4+ 32. f3 Rxd8 0-1

[Event "IECC M-5230"]
[Site "IECC email"]
[Date "2005.04.10"]
[Round "?"]
[White "Cunningham, Don"]
[Black "Schrepfer, Jeff"]
[Result "0-1"]
[WhiteElo "832"]
[BlackElo "1063"]
[PlyCount "90"]
[EventDate "2005.??.??"]
[EventType "tourn (corr)"]
[EventRounds "10"]
[SourceTitle "Corr 2020"]
[Source "ChessBase"]
[SourceDate "2019.09.30"]
[SourceVersion "1"]
[SourceVersionDate "2019.09.30"]
[SourceQuality "1"]
[WhiteTeam "United States"]
[BlackTeam "United States"]
[WhiteTeamCountry "USA"]
[BlackTeamCountry "USA"]

1. e4 e5 2. Nf3 Nf6 3. Bc4 Nxe4 4. d3 Nf6 5. Nxe5 Bd6 6. Nxf7 Qe7+ 7. Qe2 Qxe2+ 8. Kxe2 Rf8 9. Nxd6+ cxd6 10. Be3 d5 11. Bb3 Nc6 12. h3 d4 13. Bf4 Nh5 14. Bd6 Rf6 15. Bc7 d6 16. Nd2 Kd7 17. Bxd6 Rxd6 18. Rhe1 Kc7 19. Kf1 Nf4 20. Nf3 Rg6 21. Nh4 Nxg2 22. Nxg2 Bxh3 23. Bd5 Bxg2+ 24. Bxg2 Rf8 25. Re2 h5 26. Re4 Rf5 27. Re2 Rfg5 28. f3 h4 29. f4 Rg4 30. Rf2 h3 31. Re1 Rxg2 32. Ke2 Re6+ 33. Kf1 Rxf2+ 34. Kxf2 Rxe1 35. Kxe1 h2 36. c3 h1Q+ 37. Kd2 Qh2+ 38. Kc1 Qxf4+ 39. Kc2 Qf2+ 40. Kb3 Qd2 41. a3 Qxd3 42. Ka2 dxc3 43. Kb3 c2+ 44. Ka2 c1Q 45. a4 Qdb1+ 0-1

[Event "IECC M-5212"]
[Site "IECC email"]
[Date "2005.03.11"]
[Round "?"]
[White "Schrepfer, Jeff"]
[Black "Cunningham, Don"]
[Result "1-0"]
[WhiteElo "1029"]
[BlackElo "824"]
[PlyCount "43"]
[EventDate "2005.??.??"]
[EventType "tourn (corr)"]
[EventRounds "10"]
[SourceTitle "Corr 2020"]
[Source "ChessBase"]
[SourceDate "2019.09.30"]
[SourceVersion "1"]
[SourceVersionDate "2019.09.30"]
[SourceQuality "1"]
[WhiteTeam "United States"]
[BlackTeam "United States"]
[WhiteTeamCountry "USA"]
[BlackTeamCountry "USA"]

1. e4 d5 2. exd5 Qxd5 3. Nc3 Qe6+ 4. Be2 Nf6 5. Nf3 Nc6 6. 0-0 Bd7 7. d4 Nd5 8. Nxd5 Qxd5 9. c4 Qd6 10. Be3 0-0-0 11. d5 Ne5 12. Bxa7 b6 13. Nxe5 Qxe5 14. c5 Kb7 15. c6+ Kxa7 16. cxd7 Rxd7 17. Qa4+ Kb7 18. Qxd7 Qd6 19. Qb5 g6 20. Qa6+ Kb8 21. Bb5 Qxd5 22. Rad1 1-0

[Event "IECC M-5198"]
[Site "IECC email"]
[Date "2005.02.09"]
[Round "?"]
[White "Cunningham, Don"]
[Black "Schrepfer, Jeff"]
[Result "0-1"]
[WhiteElo "848"]
[BlackElo "1118"]
[PlyCount "38"]
[EventDate "2005.??.??"]
[EventType "tourn (corr)"]
[EventRounds "10"]
[SourceTitle "Corr 2020"]
[Source "ChessBase"]
[SourceDate "2019.09.30"]
[SourceVersion "1"]
[SourceVersionDate "2019.09.30"]
[SourceQuality "1"]
[WhiteTeam "United States"]
[BlackTeam "United States"]
[WhiteTeamCountry "USA"]
[BlackTeamCountry "USA"]

1. d4 d5 2. e3 e5 3. Ne2 e4 4. Nbc3 Bb4 5. Nf4 Nf6 6. Bb5+ Nc6 7. Bxc6+ bxc6 8. 0-0 0-0 9. Qd2 Ba6 10. Re1 Qd7 11. Nh3 Rae8 12. Rf1 Bxf1 13. Kxf1 Bd6 14. Kg1 Ng4 15. g3 Qf5 16. Nf4 Bxf4 17. gxf4 Qh5 18. f3 exf3 19. Nd1 Re6 0-1

[Event "IECC M-5128"]
[Site "IECC email"]
[Date "2004.10.01"]
[Round "?"]
[White "Cunningham, Don"]
[Black "Schrepfer, Jeff"]
[Result "0-1"]
[WhiteElo "876"]
[BlackElo "969"]
[PlyCount "74"]
[EventDate "2004.??.??"]
[EventType "tourn (corr)"]
[EventRounds "10"]
[SourceTitle "Corr 2020"]
[Source "ChessBase"]
[SourceDate "2019.09.30"]
[SourceVersion "1"]
[SourceVersionDate "2019.09.30"]
[SourceQuality "1"]
[WhiteTeam "United States"]
[BlackTeam "United States"]
[WhiteTeamCountry "USA"]
[BlackTeamCountry "USA"]

1. e4 e5 2. Nf3 Nc6 3. Bc4 Nf6 4. Nc3 Bb4 5. 0-0 0-0 6. d4 exd4 7. Nxd4 Bxc3 8. bxc3 Nxe4 9. Bd2 d5 10. Nxc6 bxc6 11. Bd3 Nxd2 12. Qxd2 f5 13. Rad1 c5 14. c4 c6 15. Rfe1 d4 16. c3 Bb7 17. Re5 Qd6 18. Rde1 dxc3 19. Qxc3 Qd4 20. Qxd4 cxd4 21. Bxf5 Ba6 22. Bd3 Rab8 23. g3 Rb2 24. R1e2 Rxe2 25. Bxe2 Bc8 26. Re7 a5 27. Ra7 Re8 28. Kf1 d3 29. Rxa5 Bh3+ 30. Ke1 Rxe2+ 31. Kd1 Rxf2 32. Ra8+ Kf7 33. Ra7+ Kg6 34. a4 Bg4+ 35. Ke1 Re2+ 36. Kd1 Rc2+ 37. Ke1 d2+ 0-1